000 00571nam a2200169 i 4500
001 87307
003 ES-MaACL
005 20230906175637.0
007 t|
008 041221s1969 sp ||||1| spa d
100 1 _aKramarz, Joachim.
_968723
245 1 0 _aStauffenberg
_b: 15 noviembre 1907-20 julio 1944 : la vida de un oficial de la Whrmacht /
_cJoachim Kramarz ; [versión, María Rosa Borrás].
260 _aBarcelona :
_bGrijalbo,
_c1969.
300 _a214 p., 4 lám. ;
_c22 cm.
700 1 _aBorrás, María Rosa.
_930553
852 _aES-MaACL
_jC-35556
_bR.68386
999 _c87307
_d87307